Il carnefice : romanzo /

Gespeichert in:
Bibliographische Detailangaben
1. Verfasser: Bellezza, Dario (Verfasst von)
Format: Buch
Sprache:Italienisch
Veröffentlicht: Milano : Garzanti, 1973
Schriftenreihe:Romanzi moderni
Tags: Tag hinzufügen
Keine Tags, Fügen Sie das erste Tag hinzu!

MARC

LEADER 00000nam a22000007i 4500
001 IT\ICCU\SBL\0456989
003 ItRI
005 20260220113731.0
008 910930s1973 it |||||| ||||| |||||c
015 |2 IT  |a 737293 
040 |b ita  |c C 
041 7 |a ita  |2 ISO-639-2 
082 |a 853.91  |2 17 
082 |a 853.91  |2 18 
100 1 |a Bellezza, Dario  |0 IT\ICCU\CFIV\004133  |4 aut 
245 1 3 |a Il carnefice :  |b romanzo /  |c Dario Bellezza. 
260 |a Milano :  |b Garzanti,  |c 1973 
300 |a 156 p. ;  |c 20 cm 
830 0 |a Romanzi moderni  |0 IT\ICCU\RAV\0086713 
942 |2 ddc  |c BK 
952 |0 0  |1 0  |2 ddc  |4 0  |6 853_910000000000000_BEL_CAR  |7 1  |9 1450  |a GE  |b GE  |d 2024-06-18  |l 1  |o 853.91 BEL CAR  |p 2004  |r 2024-06-18 23:44:56  |s 2024-06-18  |w 2024-06-18  |x Donazione di Alvaro Bazzano  |y BK  |z Donazione AB 
952 |0 0  |1 0  |2 ddc  |4 0  |6 853_910000000000000_BEL_CAR  |7 1  |9 1843  |a RA  |b RA  |d 2024-08-27  |l 0  |o  853.91 BEL CAR  |p 9440  |r 2024-08-27 10:39:10  |w 2024-08-27  |y BK  |z Donazione di Pietro Brentini 
952 |0 0  |1 0  |4 0  |6 DOC_853_914000000000000_BEL  |7 0  |9 22965  |a BO  |b BO  |d 2026-01-15  |i 2398  |l 0  |o DOC 853.914 BEL  |p BO2398  |r 2026-01-15 23:22:42  |w 2026-01-15  |x [Sebina 5] [1 v.]  |y BK  |z 1 v. 
999 |c 1271  |d 1271